Mit der Leibstandarte im Westen; (Record no. 3306)

MARC details
000 -LEADER
fixed length control field 00895cam a22002651 4500
001 - CONTROL NUMBER
control field af 47005847
003 - CONTROL NUMBER IDENTIFIER
control field DLC
005 - DATE AND TIME OF LATEST TRANSACTION
control field 20260227110834.0
008 - FIXED-LENGTH DATA ELEMENTS--GENERAL INFORMATION
fixed length control field 900710s1944 gw 000 0 ger c
010 ## - LIBRARY OF CONGRESS CONTROL NUMBER
LC control number af 47005847
035 ## - SYSTEM CONTROL NUMBER
System control number (OCoLC)21984104
040 ## - CATALOGING SOURCE
Original cataloging agency Hoover Library, Stanford University
Transcribing agency CSt-H
Modifying agency DLC
042 ## - AUTHENTICATION CODE
Authentication code premarc
050 00 - LIBRARY OF CONGRESS CALL NUMBER
Classification number D811
Item number .B484
100 1# - MAIN ENTRY--PERSONAL NAME
Personal name Best, Walter,
Dates associated with a name 1905-
245 10 - TITLE STATEMENT
Title Mit der Leibstandarte im Westen;
Remainder of title berichte eines [SS]-Kriegsberichters.
260 ## - PUBLICATION, DISTRIBUTION, ETC.
Place of publication, distribution, etc. München,
Name of publisher, distributor, etc. F. Eher nachf.
Date of publication, distribution, etc. [1944]
300 ## - PHYSICAL DESCRIPTION
Extent 78 p.
Dimensions 18 cm.
490 0# - SERIES STATEMENT
Series statement Soldaten-Kameraden!
Volume/sequential designation Bd. 41
500 ## - GENERAL NOTE
General note "4. auflage."
500 ## - GENERAL NOTE
General note On t.p., "SS" appears as lightning-bolts.
650 #0 - SUBJECT ADDED ENTRY--TOPICAL TERM
Topical term or geographic name entry element World War, 1939-1945
General subdivision Personal narratives, German.
650 #0 - SUBJECT ADDED ENTRY--TOPICAL TERM
Topical term or geographic name entry element World War, 1939-1945
General subdivision Campaigns
Geographic subdivision France.
610 20 - SUBJECT ADDED ENTRY--CORPORATE NAME
Corporate name or jurisdiction name as entry element Nationalsozialistische Deutsche Arbeiter-Partei.
Subordinate unit Schutzstaffel.

No items available.

Powered by Koha